Towards a people's army (Record no. 60933)

MARC details
000 -LEADER
fixed length control field 00566cam a22002051 4500
001 - CONTROL NUMBER
control field sa 64008579
003 - CONTROL NUMBER IDENTIFIER
control field DLC
005 - DATE AND TIME OF LATEST TRANSACTION
control field 20260227112055.0
008 - FIXED-LENGTH DATA ELEMENTS--GENERAL INFORMATION
fixed length control field 761206s1964 io c 000 0 eng
010 ## - LIBRARY OF CONGRESS CONTROL NUMBER
LC control number sa 64008579
035 ## - SYSTEM CONTROL NUMBER
System control number (OCoLC)2601412
040 ## - CATALOGING SOURCE
Original cataloging agency DLC
Transcribing agency IDeKN
Modifying agency DLC
042 ## - AUTHENTICATION CODE
Authentication code premarc
050 00 - LIBRARY OF CONGRESS CALL NUMBER
Classification number UA853.I5
Item number N32
100 1# - MAIN ENTRY--PERSONAL NAME
Personal name Nasution, Abdul Haris,
Dates associated with a name 1918-2000.
245 10 - TITLE STATEMENT
Title Towards a people's army
Statement of responsibility, etc. [by] A. H. Nasution.
260 ## - PUBLICATION, DISTRIBUTION, ETC.
Place of publication, distribution, etc. Djakarta,
Name of publisher, distributor, etc. c. v. Delegasi,
Date of publication, distribution, etc. 1964.
300 ## - PHYSICAL DESCRIPTION
Extent 157 p.
Other physical details port.
Dimensions 20 cm.
651 #0 - SUBJECT ADDED ENTRY--GEOGRAPHIC NAME
Geographic name Indonesia
General subdivision Armed Forces.

No items available.

Powered by Koha